000 00442nam a2200133 a 4500
008 120416s1972 ||||||||||||||||| || u
050 _aGN 11 Dav
100 _aDavies, David
245 1 2 _aA dictionary of anthropology
260 _aLondon
_bFrederick Muller
_c1972
300 _a197p. : ill.
350 _a0.00
995 _D0.00
_FCBU-MAIN LIBRARY (Kitwe)
_H1
_I7.95
_M1
_UREFERENCE
_ZReference Collection
999 _c40077
_d40077